000 00486nam a2200181Ia 4500
001 1383
005 20260306143724.0
008 260306t2010||||xx |||||||||||||| ||spa||
041 _aESP
082 _a199.8
_bB136
100 _aBeorlegui, Carlos
_eAUT
245 0 _aHistoria del pensamiento filosófico latinoamericano:
_buna búsqueda incesante dela identidad
260 _c2010
300 _a895 páginas :
_c22 cm.
650 _aGEN
654 _aCHU
942 _cLIB
_dJUS
_fJUS
_2ddc
_n
999 _c1383
_d1383